Hvězdná brána SG-1 epizody - Statistics

General Stats
  • This quiz has been taken 4 times
  • The average score is 42 of 214
Answer Stats
Episode Answer % Correct
1x01 | 1x02 Děti bohů
100%
9x01 Avalon (1. část)
67%
9x02 Avalon (2. část)
67%
5x18 Bojovník
67%
8x13 Byl jednou jeden král
67%
4x06 Časová smyčka
67%
10x06 Dvoustá
67%
1x04 Emancipace
67%
7x13 Grace
67%
6x10 Lék
67%
1x05 Mezi světlem a tmou
67%
3x03 Mírová konference
67%
1x19 Montér
67%
1x03 Nepřítel je uvnitř
67%
1x08 Noxové
67%
8x18 Osobní záležitosti
67%
2x15 Pátá rasa
67%
1x12 Pokrevní svazky
67%
4x18 Světlo
67%
1x11 Tantalova muka
67%
2x11 Tok’rové (1. část)
67%
2x12 Tok’rové (2. část)
67%
7x16 Umíráček
67%
4x21 V dvojím ohrožení
67%
4x07 Vodní brána
67%
1x22 V sevření hada
67%
1x07 | 7x19 Zmrtvýchvstání
67%
10x04 Ba’alovy klony
33%
9x08 Babylon
33%
10x20 Bez konce
33%
3x09 Bitevní řád
33%
2x16 Černá díra
33%
2x13 Duchové
33%
6x19 Dvojí realita
33%
1x14 Hathor
33%
6x03 Havárie
33%
6x08 Hrdinové
33%
7x18 Hrdinové (2. část)
33%
1x09 Jepičí život
33%
6x13 | 8x03 Karanténa
33%
6x06 Kobka
33%
6x14 Kouřová clona
33%
3x21 Křišťálová lebka
33%
10x14 Maskovaní
33%
3x20 Mateřský instinkt
33%
3x11 Minulost a přítomnost
33%
8x19 Moebius (1. část)
33%
8x20 Moebius (2. část)
33%
7x09 Mstitel
33%
6x05 Noční směna
33%
4x03 Odkaz Ataniků
33%
3x18 Odstíny šedi
33%
1x13 Oheň a voda
33%
1x18 Osamění
33%
2x22 Otázka paměti
33%
1x20 Paralelní svět
33%
5x04 Pátý člen
33%
9x18 Plášť krále Artuše
33%
9x03 Počátek
33%
1x21 Politika
33%
5x16 Poslední boj
33%
8x16 Poslední boj (1. část)
33%
8x17 Poslední boj (2. část)
33%
2x02 Při výkonu služby
33%
10x03 Projekt Pegasus
33%
1x06 První přikázání
33%
7x05 Revidování
33%
2x08 Rodina
33%
2x21 Rok 1969
33%
5x10 Rok 2001
33%
4x16 Rok 2010
33%
4x05 Rozděl a panuj
33%
5x15 Schůzka na nejvyšší úrovni
33%
5x12 Seriál Červí díra
33%
3x02 Seth
33%
9x05 Sláva bohům na výsostech
33%
2x04 Správce
33%
5x20 Strážce
33%
2x14 Svatý kámen
33%
6x09 Svornost
33%
1x10 Thórovo kladivo
33%
2x06 Thórův vůz
33%
3x16 Urgo
33%
2x03 Ve vězení
33%
3x13 Vyhánění čerta ďáblem
33%
3x12 Vzpomínky Jolinar
33%
4x19 Zázračné dítě
33%
2x07 Zpráva v láhvi
33%
7x21 Ztracené město (1. část)
33%
7x22 Ztracené město (2. část)
33%
6x15 Ztracený ráj
33%
5x14 48 hodin
0%
4x17 Absolutní moc
0%
8x11 Blíženci
0%
10x12 Čára v písku
0%
8x01 Časy se mění (1. část)
0%
8x02 Časy se mění (2. část)
0%
10x13 Cesta, po níž jsme se nevydali
0%
7x15 Chiméra
0%
1x16 Cor-Ai
0%
9x10 Čtvrtý jezdec apokalypsy (1. část)
0%
9x11 Čtvrtý jezdec apokalypsy (2. část)
0%
3x08 Démoni
0%
5x07 Domácí zvířata
0%
2x17 Dovolená
0%
4x02 Druhá strana
0%
4x20 Entita
0%
7x11 Evoluce (1. část)
0%
7x12 Evoluce (2. část)
0%
4x22 Exodus
0%
4x14 Hadí zášť
0%
2x18 Hadova píseň
0%
8x04 Hodina H
0%
7x17 Hrdinové (1. část)
0%
5x19 Hrozba
0%
7x14 Hrozba z podzemí
0%
7x20 Inaugurace
0%
2x19 Jeden chybný krok
0%
3x06 Jiný náhled
0%
9x20 Kamelot
0%
4x13 Kletba
0%
8x10 Konec hry
0%
8x14 Konfrontace
0%
7x03 Křehká rovnováha
0%
5x17 Kritický bod
0%
9x19 Křížová výprava
0%
6x22 Kruh se uzavírá
0%
3x07 Lovec Goa’uldů
0%
3x04 Ma’chellův odkaz
0%
4x01 Malá vítězství
0%
9x17 Metla
0%
5x09 Mezi dvěma ohni
0%
10x02 Morpheus
0%
5x02 Na prahu smrti
0%
4x04 Na rozcestí
0%
9x16 Narušená síť
0%
7x02 Návrat domů
0%
9x07 Návrat vysloužilého boha
0%
7x01 Návrat ztraceného syna
0%
8x06 Nebezpečná hra
0%
3x22 Nemesis
0%
4x11 Není cesty zpět
0%
5x01 Nepřátelé
0%
7x07 Nepřátelský důl
0%
6x12 Nepřirozený výběr
0%
2x20 Neviditelný nepřítel
0%
10x05 Nezvaný host
0%
3x14 Nouzová situace
0%
3x19 Nové poznaní
0%
8x15 Občan Joe
0%
8x09 Oběti
0%
10x15 Odměna
0%
10x17 Odveta
0%
7x04 Orfeus
0%
10x16 Padouchové
0%
10x08 Pamatuj na smrt
0%
10x19 Panství
0%
9x12 Paralelní vzpomínky
0%
3x01 Pod palbou
0%
4x10 Pod povrchem
0%
5x03 Povznesení
0%
7x10 Právo na zrození
0%
9x06 Předsunutá základna
0%
5x22 Překvapivá odhalení
0%
6x16 Proměna
0%
6x11 Prométheus
0%
6x21 Proroctví
0%
10x07 Protiútok
0%
9x09 Prototyp
0%
6x17 Prozrazené tajemství
0%
4x08 První hostitelé
0%
4x15 Řetězová reakce
0%
9x13 Rezonanční efekt
0%
10x18 Rodinná pouta
0%
3x10 Rozloučení navždy
0%
5x05 Rudé nebe
0%
9x15 Satelit
0%
9x14 Síla vůle
0%
1x15 Singularita
0%
4x09 Spálená země
0%
6x01 Spása (1. část)
0%
6x02 Spása (2. část)
0%
10x09 Spolek zlodějů
0%
8x07 Spříznění
0%
6x07 Stínohra
0%
3x17 Sto dní
0%
6x20 Svědek minulosti
0%
2x09 Tajemství
0%
6x18 Trosečníci
0%
9x04 Trvalé pouto
0%
8x08 Úmluva
0%
8x12 Upoutaný Prométheus
0%
8x05 Ve jménu víry
0%
5x21 Velká cesta
0%
7x08 Vesmírný závod
0%
2x01 V hadím hnízdě
0%
5x08 V hrobce
0%
10x10 Výprava (1. část)
0%
10x11 Výprava (2. část)
0%
6x04 V zajetí ledu
0%
7x06 Záchranný člun
0%
1x17 Záhada
0%
3x15 Záminka
0%
5x06 Zasvěcení
0%
2x05 Závislost
0%
2x10 Zhouba
0%
5x13 Zkouška ohněm
0%
4x12 Zkušební let
0%
10x01 Z masa a kostí
0%
5x11 Zoufalé řešení
0%
3x05 Zrychlené učení
0%
No matching quizzes found
Score Distribution
Percent of People with Each Score
Percentile by Number Answered
Your Score History
You have not taken this quiz